000 00643nam a2200193 4500
001 139618
003 ES-MaACL
005 20230906195844.0
007 t|
008 070214s1971 sp r ||||1| spa d
100 1 _aSchenk, Juan Eduardo.
_9104303
245 1 3 _aEl Consejo del Presbiterio y el de Pastoral
_b: (Las relaciones humanas en la Iglesia) /
_cpor Juan Eduardo Schenk.
260 _aValencia :
_bComercial Ed. de Publicaciones,
_c1971.
300 _a189 p. ;
_c21 cm.
490 1 _aCuadernos de pastoral ;
_v43
830 0 _aCuadernos de pastoral ;
_v43
_9187018
852 _aES-MaACL
_jC-48275
_bR.78280
999 _c139618
_d139618